Inevitable océano / (Record no. 93605)

MARC details
000 -LEADER
campo de control de longitud fija 00708nam a2200241 i 4500
001 - NÚMERO DE CONTROL
campo de control 93605
003 - IDENTIFICADOR DE NÚMERO DE CONTROL
campo de control ES-MaACL
005 - FECHA Y HORA DE LA ÚLTIMA TRANSACCIÓN
campo de control 20250807232516.0
007 - CAMPO FIJO DE DESCRIPCIÓN FÍSICA--INFORMACIÓN GENERAL
campo de control de longitud fija t|
008 - DATOS DE LONGITUD FIJA--INFORMACIÓN GENERAL
campo de control de longitud fija 050414s1982 sp ||||1| spa d
020 ## - NÚMERO INTERNACIONAL ESTÁNDAR DEL LIBRO
Número Internacional Estándar del Libro 8486072018
100 1# - ENTRADA PRINCIPAL--NOMBRE DE PERSONA
Nombre de persona López, Elsa,
Fechas asociadas al nombre 1943-
9 (RLIN) 73324
245 10 - MENCIÓN DEL TÍTULO
Título Inevitable océano /
Mención de responsabilidad, etc. Elsa López.
250 ## - MENCION DE EDICION
Mención de edición [1ª ed.].
260 ## - PUBLICACIÓN, DISTRIBUCIÓN, ETC.
Lugar de publicación, distribución, etc. Madrid :
Nombre del editor, distribuidor, etc. Torremozas,
Fecha de publicación, distribución, etc. 1982.
300 ## - DESCRIPCIÓN FÍSICA
Extensión 76 p. ;
Dimensiones 17 cm.
490 1# - MENCIÓN DE SERIE
Mención de serie Colección Torremozas de poesía de mujeres ;
Designación de volumen o secuencia 2
830 00 - PUNTO DE ACCESO ADICIONAL DE SERIE-TÍTULO UNIFORME
Título uniforme Colección Torremozas de poesía de mujeres
Designación de volumen o secuencia 2
9 (RLIN) 177494
852 ## - LOCALIZACIÓN
Ubicación ES-MaACL
Número de control de estantería L-5408
Sublocalización o colección R.105844
852 ## - LOCALIZACIÓN
Ubicación ES-MaACL
Número de control de estantería L-11969
Sublocalización o colección R.114290
942 ## - ELEMENTOS DE ENTRADA SECUNDARIOS (KOHA)
Fuente del sistema de clasificación o colocación Clasificación decimal universal
Holdings
Estatus retirado Estado de pérdida Estado de daño No para préstamo Biblioteca de origen Biblioteca actual Ubicación en estantería Fecha de adquisición Fuente de adquisición Total de préstamos Signatura topográfica completa Código de barras Visto por última vez Precio de reemplazo Tipo de ítem Koha
        Biblioteca del Ateneo de Madrid Biblioteca del Ateneo de Madrid Depósito 2 17/01/2008     L-11969 1097749 23/02/2023 23/02/2023 Libro impreso
        Biblioteca del Ateneo de Madrid Biblioteca del Ateneo de Madrid Depósito 2 17/01/2008     L-5408 1097748 23/02/2023 23/02/2023 Libro impreso